HGGSP Tle TH3 Histoire et mémoires révisions - Statistiques

Statistiques générales
  • Ce quiz a été pris 634 fois
  • Le résultat moyen est 10 sur 41
Statistiques - réponses
Hint Réponse % Correct
Surnom donné aux Algériens musulmans servant dans l'armée française contre le FLN Harkis
62%
Apparition de la notion de devoir de mémoire (année arrondie à la dizaine) 1980
61%
Dates de la Guerre d'Algérie 1954-1962
56%
Génocide des Tutsi (année) 1994
54%
Laquelle de ces notions est la plus solide juridiquement parlant? Crime contre l'humanité
54%
Qui a théorisé la notion de "génocide"? Raphaël Lemkin
48%
Date du Traité de Versailles (mois et année) juin 1919
46%
Massacre de Srebrenica (année) 1995
43%
Ville où siège la CPI La Haye, Bays-Bas
42%
Nom et date (année) de la loi qui crée un délit du négationnisme du génocide des Juifs Loi Gayssot 1990
42%
Entrée en vigueur CPI (année) 2002
39%
Ville où siège le TPIY La Haye, Bays-Bas
34%
Date (année) de la loi "relative à la reconnaissance du génocide arménien de 1915" 2001
33%
Création des tribunaux gacaca 2001
32%
Création CPI (année) 1998
30%
Attentat de Sarajevo 28 juin 1914
24%
Date (mois et année) de début du génocide arménien avril 1915
24%
Donner le noms des deux populations victimes du premier génocide du XXème siècle reconnu comme tel Herero et Nama
24%
Siège de Sarajevo (année) 1992
22%
Qui utilise l'expression "crime sans nom" dans un discours en août 1941? Churchill
22%
Début et fin du TPIY (années) 1993-2017
20%
Donner les dates de début et de fin de ce génocide 1904-1908
19%
Convention de l'ONU sur l'imprescriptibilité des crimes contre l'humanité (année) 1968
19%
Début et fin du TPIR (années) 1994-2015
17%
Ville où siège le TPIR Arusha, Tanzanie
17%
Préfet de police lors de la Guerre d'Algérie Maurice Papon
17%
Guerre de Bosnie-Herzégovine (années) 1992-1995
16%
Sur le territoire actuel de quel pays ce génocide s'est-il déroulé? Namibie
15%
Signature des Accords d'Evian (suivis d'un cessez-le-feu le lendemain) 18 mars 1962
14%
Quand la loi française reconnait-elle officiellement l'existence de la Guerre d'Algérie? 1990
14%
Fixation de la frontière entre Serbie et Bosnie (année) 1995
12%
Qui a théorisé la notion de "crime contre l'humanité"? Hersch Lauterpacht
11%
Date de l'insurrection à l'origine de la Guerre d'Algérie 1er novembre 1954
9%
Citer un intellectuel dénonçant la guerre d'Algérie Sartre / Raymond Aron / Robert Antelme / Simone de Beauvoir / Claude Lanzmann ...
9%
Date de l'accord de Londres 8 août 1945
5%
Titre du texte à l'origine de la "controverse Fischer" ainsi que son année de publication Les buts de guerre de l'Allemagne impériale, 1961
3%
Nom donné à l'organisme chargé des fonctions résiduelles des TPI Mécanisme
3%
Entrée en vigueur de cet organisme (année) 2012
2%
Dates de début et de fin du procès de Nuremberg 20 novembre 1945 - 1er octobre 1946
2%
Massacre d'Oran 5 juillet 1962
2%
Affaire de la station de métro Charonne 8 février 1961
0%
Aucun quiz correspondant
Distribution des résultats
% des personnes avec chaque résultat
Percentile par nombre de réponses
Votre historique - résultats
Vous n’avez pas pris ce quiz